000 00544nam 22001813 4500
001 198234
090 _a198234
100 _a20251002d u||y0pory50 ba
200 _ao Príncipe e o Pobre
_fMark Twain
_gilustrações de Alcino Bastos
205 _a
210 _aPorto
_cLivraria Civilização - Editora
_d1970
215 _a300, [4] p.
_cbrochado
_d19 cm
606 _957
_aLiteratura Juvenil Americana
675 _a821.111(73)-93
_vPT
_zpor
700 _9784
_aTwain
_bMark
_f1835-1910
801 _aPT
_bBMMN
_gRPC
830 _cAna Caetano
990 _cLIVROS